02097cam a2200481 i 45000010008000000030009000080050017000170070003000340080034000370150006000710170009000770200018000860350006001040400031001100800006001410820027001471000057001742450176002312500012004072640049004193000027004683360027004953370035005223380030005575000074005875040033006615050212006945900026009066500026009326500037009586500037009956500025010327000037010577000049010947000031011437000044011747100071012189100040012899420012013299520126013419520131014679990017015980000656DO-SdBPM20260427134053.0ta100514s 2006 dr | 000 f spa  a  a b  a9788476662120 a  aDO-SdBPMbspacBPMSUe rda a 04a372.41bP257s 20062221 a Peralta Espinos, María Víctoriaeautora4aut. 10aAprendiendo a educar mejor a niños y niños pequeños /c María Víctoria Peralta Espinosa y Mónica Manhey Moreno, Patricia Sarlé, Marien Paggy Martínez Stark a2a. ed. aSanto Domingo :bINAFOCAM ; bINAIPI, c2006 avs. páginas ;c24 cm atextobtxt2rdacontent asin mediación bn2rdamedia  avolumen bnc2rdacarrier  aIncluye referencias bibliográficas y notas al pie de las páginas  aBibliografía páginas 35 0 av.5 : Las niñas y los niños necesitan experiencias de aprendizaje planificada y evaluadas -- v. 6 : Las niñas y los niños se comunican -- v. 8 : Yo juego, tú juegas ... todos jugamos muchos juegos. aInventariado, 2026/VM 4a Métodos de estudio 7aEscritura xEnseñanza primaria 7aLectura y escrituraxEnseñanza 7xPsicolingüística1 aManhey Moreno, Mónica eautora1 aPeralta Espinosa María Víctoria eautora1 aSarlé, Patricia eautora1 aMartínez Peggy, Marien Peggy eautora2 aInstituto Nacional de Formación y Capacitación del Magisterio  aVMateo V. Control de calidad. BPMSU 2ddccBK 00102ddc708CDaBPMETbBPMETd2026-04-27l0oBPMSU CD 372.41 P257s 2006pBPMSU26040036r2026-04-27tv.5w2026-04-27yBK 00102ddc708CDaBPMETbBPMETd2026-04-27l0oBPMSU CD 372.41 P257s 2006pBPMSU26040037r2026-04-27tv.5, e.2w2026-04-27yBK c15796d15796